000 00295nam a22001337a 4500
008 170612b xxu||||| |||| 00| 0 eng d
020 _a9781602399686
041 _aeng
080 _a93
100 _a19
101 _aSHH
245 _aESCAPE FROM THE THIRD RICH
_cPERSSON, S
942 _2udc
_cBK
999 _c16967
_d16967